Countries with the Youngest Population - Statistics

General Stats
  • This quiz has been taken 18 times
  • The average score is 9 of 14
Answer Stats
Median Age Country % Correct
17.8 Ethiopia
83%
15.3 Niger
83%
17.9 Somalia
78%
17.6 Chad
72%
16.2 Mali
72%
17.1 Mozambique
72%
17.1 South Sudan
72%
17.6 Tanzania
67%
18 Benin
61%
17 Burundi
61%
16.7 Zambia
61%
17.2 Burkina Faso
56%
15.7 Uganda
56%
16.5 Malawi
44%
No matching quizzes found
Score Distribution
Percent of People with Each Score
Percentile by Number Answered
Your Score History
You have not taken this quiz